Quang oxi hóa p - xylen trên xúc tác TiO2 và TiO2 biến tính = Photooxidation of p - xylene on TiO2 and modified - TiO2 catalysts /

Guardat en:
Dades bibliogràfiques
Autor principal: Nguyễn Quốc Tuấn.
Format: Article
Idioma:Vietnamese
Etiquetes: Afegir etiqueta
Sense etiquetes, Sigues el primer a etiquetar aquest registre!
Thư viện lưu trữ: Thư viện Trường Đại học Đà Lạt
LEADER 00803nam a2200241 4500
001 DLU120137736
005 ##20120720
040 # # |a DLU  |b vie 
041 # # |a vie 
044 # # |a vn 
100 # # |a Nguyễn Quốc Tuấn. 
245 # # |a Quang oxi hóa p - xylen trên xúc tác TiO2 và TiO2 biến tính =  |b Photooxidation of p - xylene on TiO2 and modified - TiO2 catalysts /  |c Nguyễn Quốc Tuấn, Lưu Cẩm Lộc. 
773 # # |t Thông tin khoa học Trường Đại học Đà Lạt  |g 2007, tr. 224-233 
920 # # |a Phòng Tạp chí -- Trung tâm Thông tin - Thư viện Trường Đại học Đà Lạt 
994 # # |a DLU 
900 # # |a True 
911 # # |a Lý Thị Hồng Hạnh 
925 # # |a G 
926 # # |a A 
927 # # |a BB 
980 # # |a Thư viện Trường Đại học Đà Lạt